Library Logo

Pioneer International University Library Catalogue

Chernobyl / (Record no. 10052)

MARC details
000 -LEADER
fixed length control field 00868nam a22002657a 4500
003 - CONTROL NUMBER IDENTIFIER
control field OSt
005 - DATE AND TIME OF LATEST TRANSACTION
control field 20260413090925.0
008 - FIXED-LENGTH DATA ELEMENTS--GENERAL INFORMATION
fixed length control field 260413b |||||||| |||| 00| 0 eng d
010 ## - LIBRARY OF CONGRESS CONTROL NUMBER
LC control number 87060252
020 ## - INTERNATIONAL STANDARD BOOK NUMBER
International Standard Book Number 0931933390
040 ## - CATALOGING SOURCE
Transcribing agency RICHARDSON & STEIRMAN , INC.
041 ## - LANGUAGE CODE
Language code of text/sound track or separate title english
050 ## - LIBRARY OF CONGRESS CALL NUMBER
Classification number TK 1362 .I45 1987
Item number .I45 1987
100 ## - MAIN ENTRY--PERSONAL NAME
Personal name aIllesh, Andrey.
245 ## - TITLE STATEMENT
Title Chernobyl /
Statement of responsibility, etc. Andrey Illesh ; translated from the RussiaN.
250 ## - EDITION STATEMENT
Edition statement FIRST EDITION.
260 ## - PUBLICATION, DISTRIBUTION, ETC.
Place of publication, distribution, etc. New York :
Name of publisher, distributor, etc. Richardson & Steirman, Inc.,
Date of publication, distribution, etc. 1987
300 ## - PHYSICAL DESCRIPTION
Extent 200 pages;
Dimensions 24 cm
500 ## - GENERAL NOTE
General note Translation of a work originally published in Russian.<br/>
650 ## - SUBJECT ADDED ENTRY--TOPICAL TERM
Topical term or geographic name entry element Chernobyl Nuclear Accident, 1986.
650 ## - SUBJECT ADDED ENTRY--TOPICAL TERM
Topical term or geographic name entry element Nuclear power plants
General subdivision Accidents, Ukraine,
650 ## - SUBJECT ADDED ENTRY--TOPICAL TERM
Topical term or geographic name entry element Radiation injuries.
655 ## - INDEX TERM--GENRE/FORM
Source of term lcgft
Genre/form data or focus term Nonfiction works.
942 ## - ADDED ENTRY ELEMENTS (KOHA)
Source of classification or shelving scheme Library of Congress Classification
Koha item type Books
Edition 1st ed.
Suppress in OPAC No
Holdings
Withdrawn status Lost status Source of classification or shelving scheme Damaged status Not for loan Home library Current library Date acquired Total checkouts Full call number Barcode Date last seen Price effective from Koha item type
    Library of Congress Classification     PIU Library Main Library 04/13/2026   TK 1362 .I45 1987 PIUDLMUR1028 04/13/2026 04/13/2026 Books